00311nam a22001217a 4500020001500000082001400015100002200029245003600051260005400087300000800141650002300149700001700172 a8122413366 a541.3 ATH aVilas D.Athawale. aExperimental Physical Chemistry aNew DelhibNew Age International(P) Limitedc2011 a303 aPhysical Chemistry aParul Mathur